Hamlet mentén, hiába. {Eseu despre hamlet}. [Essay on Hamlet]

Elmentve itt :
Bibliográfiai részletek
Szerző: VIRGINÁ S Andrea
Adatforrás:Meister
Forrásdokumentuma:Korunk. -
2001. 6, 72-75.
Nyelv:magyar
Kulcsszavak:irodalomkritika
critica literara
literary criticism
Hamlet
LEADER 00445nab a2200157 i 4500
001 bibPRO00013323
008 080908s2001 xx hun
040 |a Sz1 
041 |a hun 
100 1 |a VIRGINÁ S Andrea 
245 1 0 |a Hamlet mentén, hiába. {Eseu despre hamlet}. [Essay on Hamlet]  |c VIRGINÁ S Andrea 
695 |a irodalomkritika 
695 |a critica literara 
695 |a literary criticism 
695 |a Hamlet 
773 0 |t Korunk. -  |g 2001. 6, 72-75.